Чинови у Војсци Србије - Statistics

General Stats
  • This quiz has been taken 190 times
  • The average score is 16 of 30
Answer Stats
Answer % Correct
Генерал
93%
Пуковник
87%
Мајор
83%
Потпуковник
80%
Капетан
79%
Поручник
76%
Водник
74%
Потпоручник
70%
Адмирал
70%
Генерал-мајор
68%
Десетар
66%
Заставник
65%
Разводник
54%
Генерал-потпуковник
52%
Капетан прве класе
51%
Старији водник
51%
Заставник прве класе
49%
Бригадни генерал
46%
Водник прве класе
45%
Млађи водник
43%
Вицеадмирал
37%
Старији водник прве класе
35%
Контраадмирал
32%
Капетан корвете
30%
Капетан бојног брода
28%
Капетан фрегате
26%
Поручник фрегате
24%
Комодор
22%
Поручник бојног брода
22%
Поручник корвете
22%
No matching quizzes found
Score Distribution
Percent of People with Each Score
Percentile by Number Answered
Your Score History
You have not taken this quiz